A festő világnézete

Elmentve itt :
Bibliográfiai részletek
Szerző: Ék Sándor
Adatforrás:Philobibl
Dokumentumtípus: Könyv
Nyelv:magyar
Kulcsszavak:művészetelmélet
Megjelent: Budapest Corvina Kiadó Vállalat 1947
LEADER 00328nam a2200121 c 4500
001 bibPHI0037097
005 20200924123748.1
008 100311s1947 hu hun
100 1 |a Ék Sándor 
245 1 2 |a A festő világnézete  |c Ék Sándor 
260 |a Budapest  |b Corvina Kiadó Vállalat  |c 1947 
300 |a 55 p. 
695 |a művészetelmélet